000 00636nam a22002057a 4500
005 20251108171804.0
008 250721s1992 xx 000 0 ara d
082 1 4 _aط/551.4/بار
100 1 _aباركر، برتاموريس
245 1 0 _aسطح الأرض المتغير /
250 _aط.4.
264 1 _aالقاهرة :
_bدار المعارف،
_c1992.
300 _a35ص.
490 0 _aمجموعة الكتب العلمية المبسطة ؛ 23
650 1 7 _aالأرض
653 _aناشئون صغار (10-14) سنة
700 1 _aحسن، محمد يوسف
_eترجمة
942 _2ddc
_cBK
999 _c62531
_d62531